25 meistgesprochene Sprachen (anhand der Gesamtsprecher) - Statistiken

Allgemein
  • Dieses Quiz wurde 8 mal gespielt
  • Das Durchschnittsergebnis liegt bei 10 aus 25
Antwortstatistiken
Rang Gesamtsprecher Sprache % Korrekt
12. 160 Mio. Deutsch
100%
1. 1.453 Mio. Englisch
100%
5. 274 Mio. Französisch
100%
4. 559 Mio. Spanisch
100%
13. 125 Mio. Japanisch
75%
9. 258 Mio. Portugiesisch
75%
8. 258 Mio. Russisch
75%
17. 88 Mio. Türkisch
75%
3. 610 Mio. Hindi
50%
6. 274 Mio. Hocharabisch
50%
23. 82 Mio. Koreanisch
50%
7. 273 Mio. Bengalisch
25%
24. 77 Mio. Farsi
25%
11. 199 Mio. Indonesisch
25%
19. 86 Mio. Kantonesisch
25%
20. 86 Mio. Vietnamesisch
25%
25. 77 Mio. Hausa
0%
2. 1.118 Mio. Mandarin-Chinesisch
0%
15. 99 Mio. Marathi
0%
14. 121 Mio. Nigerianisches Pidgin
0%
21. 82 Mio. Tagalog
0%
18. 86 Mio. Tamil
0%
16. 96 Mio. Telugu
0%
10. 231 Mio. Urdu
0%
22. 82 Mio. Wu-Chinesisch
0%
Keine übereinstimmenden Quizze gefunden
Verteilung der Resultate
Anzahl Personen mit jedem Resultat
Perzentil nach korrekt beantworteten Fragen
Ihre Resultats-Entwicklung
Sie haben dieses Quiz noch nicht gespielt